PIPs' hour approaches (Record no. 78659)

MARC details
000 -LEADER
fixed length control field 01097cab a22002055a 4500
001 - CONTROL NUMBER
control field L137559
008 - FIXED-LENGTH DATA ELEMENTS--GENERAL INFORMATION
fixed length control field 070416s2007 xxko f 000 0 eng d
035 ## - SYSTEM CONTROL NUMBER
System control number (Sirsi) u137559
041 0# - LANGUAGE CODE
Language code of text/sound track or separate title eng
100 1# - MAIN ENTRY--PERSONAL NAME
Personal name Nicholson, Peter
245 00 - TITLE STATEMENT
Title PIPs' hour approaches
260 ## - PUBLICATION, DISTRIBUTION, ETC.
Date of publication, distribution, etc. 2007
490 ## - SERIES STATEMENT
Series statement Journal of the Law Society of Scotland
Volume/sequential designation 52(3) March 2007, 50-52(3)
520 ## - SUMMARY, ETC.
Summary, etc. Discusses the proposals behind the purchaser's information pack and the property sales questionnaire. Considers the Partial Regulatory Impact Assessment which is said to demonstrate why PIPs are the best means of smoothing a property transaction. States that it is this analysis that opponents of the single survey will have to undermine to prove their case. Concludes with the opinions of the Law Society of Scotland, 80% of whom do not think it will improve the housebuying process in Scotland.
590 ## - LOCAL NOTE (RLIN)
Local note KA
650 24 - SUBJECT ADDED ENTRY--TOPICAL TERM
Topical term or geographic name entry element SCOTTISH SINGLE SURVEY SCHEME
651 #4 - SUBJECT ADDED ENTRY--GEOGRAPHIC NAME
Geographic name Scotland
Chronological subdivision 1999-
690 ## - LOCAL SUBJECT ADDED ENTRY--TOPICAL TERM (OCLC, RLIN)
Topical term or geographic name as entry element PROPERTY-RESIDENTIAL PROPERTY-ACQUISITION AND DISPOSAL OF RESIDENTIAL PROPERTY-HOME BUYING REFORM
942 ## - ADDED ENTRY ELEMENTS (KOHA)
Suppress in OPAC 0
Holdings
Withdrawn status Lost status Source of classification or shelving scheme Damaged status Not for loan Home library Current library Shelving location Date acquired Total Checkouts Full call number Barcode Date last seen Copy number Price effective from Koha item type
    Dewey Decimal Classification     London London Journal article 16/04/2007   L137559 137559-1001 06/08/2019 1 06/08/2019 Journal article